Prezydenci Rosji - Statystyki

Ogólne statystyki
  • Ten quiz został rozwiązany 1 183 razy
  • Średni wynik to 6 z 7
Statystyki odpowiedzi
Rok Prezydent % Poprawnych
1999-2000 Władimir Putin
100%
2000-2004 Władimir Putin
100%
2004-2008 Władimir Putin
100%
2012-2019 Władimir Putin
100%
1991-1999 Borys Jelcyn
69%
2008-2011 Dmitrij Miedwiediew
55%
2011-2012 Dmitrij Miedwiediew
55%
Nie znaleziono quizów pasujących do podanych kryteriów
Rozkład punktacji
Procent ludzi z każdym wynikiem
Percentyl według liczby udzielonych odpowiedzi
Twoja historia wyników
Nie rozwiązałeś tego quizu